[Event "17. European Team Championship 2009"]
[Site "Novi Sad SRB"]
[Date "2009.10.27"]
[Round "6.113"]
[White "Halkias, Stelios"]
[Black "Erdogdu, Mert"]
[Result "1/2-1/2"]
[WhiteElo "2570"]
[BlackElo "2467"]
[PlyCount "128"]
[EventDate "2009.10.22"]
[EventType "team"]
[EventRounds "9"]
[EventCountry "SER"]
[Source "lmi"]
[SourceDate "2009.10.22"]

1. d4 Nf6 2. Nf3 g6 3. Bg5 Bg7 4. Nbd2 O-O 5. c3 d6 6. e3 c5 7. Bd3 Nbd7 8. O-O
b6 9. Qe2 Bb7 10. e4 cxd4 11. cxd4 h6 12. Bh4 a6 13. Rfd1 g5 14. Bg3 Nh5 15.
Rac1 b5 16. Nb3 Nxg3 17. hxg3 e6 18. Qe1 Qb6 19. Na5 Rac8 20. Nxb7 Qxb7 21.
Rxc8 Rxc8 22. d5 exd5 23. exd5 Nf6 24. Bb1 Qb6 25. Bf5 Re8 26. Qd2 Qc5 27. b3
b4 28. g4 a5 29. g3 Qc3 30. Kg2 Kf8 31. Qd4 Qxd4 32. Nxd4 Re5 33. Nb5 Ke7 34.
Na7 Rxd5 35. Nc8+ Kf8 36. Rxd5 Nxd5 37. Nxd6 Nc3 38. Nc4 a4 39. bxa4 Nxa4 40.
Bc2 Nc3 41. Bb3 Bd4 42. Nd6 f6 43. Nf5 Bc5 44. Nxh6 Ne4 45. f4 Nd6 46. Ng8 Bd4
47. Kf3 Bb2 48. Ke3 Bc3 49. Kd3 Bb2 50. Bd5 Nc8 51. Nh6 gxf4 52. gxf4 Bc1 53.
Ke4 Nd6+ 54. Kf3 Bd2 55. Ng8 Bc3 56. g5 fxg5 57. fxg5 Nf7 58. Kg4 Kxg8 59. g6
Kg7 60. gxf7 Kf8 61. Bb3 Be1 62. Kf5 Bc3 63. Ke4 Bf6 64. Kd3 Be7 1/2-1/2

[Event "17. European Team Championship 2009"]
[Site "Novi Sad SRB"]
[Date "2009.10.27"]
[Round "6.114"]
[White "Atakisi, Umut"]
[Black "Mastrovasilis, Athanasios"]
[Result "0-1"]
[WhiteElo "2406"]
[BlackElo "2519"]
[PlyCount "63"]
[EventDate "2009.10.22"]
[EventType "team"]
[EventRounds "9"]
[EventCountry "SER"]
[Source "lmi"]
[SourceDate "2009.10.22"]

1. e4 c5 2. Nf3 e6 3. d4 cxd4 4. Nxd4 Nf6 5. Nc3 Nc6 6. Nxc6 bxc6 7. Bd3 d5 8.
Qe2 Be7 9. O-O O-O 10. b3 Nd7 11. Na4 Nb6 12. Nxb6 axb6 13. Bb2 Ba3 14. Bxa3
Rxa3 15. e5 c5 16. c3 Bb7 17. Qb2 Qa8 18. Bb5 d4 19. Ba4 Bxg2 20. Qxa3 Qf3 21.
Bc6 Qxc6 22. Qc1 Qf3 23. Qd1 Qh3 24. f3 Bxf1 25. Qxf1 Qh4 26. Kh1 dxc3 27. Rc1
Rd8 28. Rxc3 Rd2 29. Qg1 h6 30. Rc4 Qh5 31. Qg3 Qf5 32. Re4 0-1

[Event "17. European Team Championship 2009"]
[Site "Novi Sad SRB"]
[Date "2009.10.27"]
[Round "6.121"]
[White "Stevic, Hrvoje"]
[Black "Korchnoi, Viktor"]
[Result "1/2-1/2"]
[WhiteElo "2624"]
[BlackElo "2566"]
[PlyCount "121"]
[EventDate "2009.10.22"]
[EventType "team"]
[EventRounds "9"]
[EventCountry "SER"]
[Source "lmi"]
[SourceDate "2009.10.22"]

1. e4 e6 2. d4 d5 3. e5 c5 4. c3 Nc6 5. Nf3 Qb6 6. a3 Bd7 7. b4 cxd4 8. cxd4
Rc8 9. Be3 a5 10. b5 Nce7 11. Bd3 Nf5 12. O-O Ngh6 13. Ra2 Be7 14. h3 O-O 15.
Bd2 Kh8 16. Qa4 Bd8 17. g4 Ne7 18. Ne1 Ng6 19. Ng2 Ng8 20. f4 f6 21. Be3 Be7
22. f5 exf5 23. gxf5 Nxe5 24. dxe5 Bc5 25. Qf4 fxe5 26. Bxc5 Qxc5+ 27. Qe3 e4
28. Qxc5 Rxc5 29. Rc2 Rxc2 30. Bxc2 Bxb5 31. Rd1 Rxf5 32. Ne3 Rf3 33. Nxd5 e3
34. Be4 Rxh3 35. Nbc3 e2 36. Re1 Bc4 37. Kg2 Rh4 38. Nb6 Ba6 39. Bf3 Rh6 40.
Nbd5 b5 41. Nxe2 b4 42. a4 Bb7 43. Rc1 Bc6 44. Nd4 Bxd5 45. Bxd5 Rd6 46. Bxg8
Kxg8 47. Rc4 h5 48. Kf3 Rd5 49. Ke4 Rg5 50. Rc8+ Kf7 51. Rc7+ Kf6 52. Rc6+ Kf7
53. Ne6 Rg1 54. Nf4 b3 55. Rb6 g5 56. Rb7+ Ke8 57. Nxh5 Rg4+ 58. Kd3 Rxa4 59.
Rxb3 Kf7 60. Ng3 Rb4 61. Rxb4 1/2-1/2

[Event "17. European Team Championship 2009"]
[Site "Novi Sad SRB"]
[Date "2009.10.27"]
[Round "6.131"]
[White "Hautot, Stephane"]
[Black "Sedlak, Nikola"]
[Result "0-1"]
[WhiteElo "2420"]
[BlackElo "2571"]
[PlyCount "74"]
[EventDate "2009.10.22"]
[EventType "team"]
[EventRounds "9"]
[EventCountry "SER"]
[Source "lmi"]
[SourceDate "2009.10.22"]

1. e4 c5 2. c4 Nc6 3. Nc3 e6 4. g3 Nge7 5. Bg2 Nd4 6. Nge2 Nec6 7. O-O Be7 8.
d3 O-O 9. f4 Rb8 10. a4 a6 11. Be3 d6 12. Bf2 Bd7 13. Rb1 Bf6 14. Kh1 b5 15.
axb5 axb5 16. cxb5 Nb4 17. Qd2 Nxe2 18. Qxe2 Bd4 19. Qd2 e5 20. Bxd4 exd4 21.
Nd5 Rxb5 22. f5 f6 23. g4 Re8 24. Rf3 Nxd5 25. exd5 Qe7 26. Rbf1 Qe2 27. Qf4
Qe5 28. Qd2 Qxd5 29. g5 Qe5 30. gxf6 Qxf6 31. Rg3 Kh8 32. Bd5 Rbb8 33. Qg2 Re3
34. Rg5 Rbe8 35. Rg1 Re1 36. Rg6 Rxg1+ 37. Kxg1 Qxf5 0-1

[Event "17. European Team Championship 2009"]
[Site "Novi Sad SRB"]
[Date "2009.10.27"]
[Round "6.132"]
[White "Pikula, Dejan"]
[Black "Saiboulatov, Daniyal"]
[Result "1-0"]
[WhiteElo "2562"]
[BlackElo "2395"]
[PlyCount "73"]
[EventDate "2009.10.22"]
[EventType "team"]
[EventRounds "9"]
[EventCountry "SER"]
[Source "lmi"]
[SourceDate "2009.10.22"]

1. e4 e6 2. d4 d5 3. Nd2 Nf6 4. e5 Nfd7 5. f4 c5 6. c3 Nc6 7. Ndf3 Qb6 8. a3
Be7 9. h4 h5 10. Nh3 a5 11. b3 cxd4 12. cxd4 Nf8 13. Bd3 Bd7 14. Bb2 a4 15. b4
Na5 16. Qe2 Nc4 17. Rc1 Nxb2 18. Qxb2 Bb5 19. Bb1 Qd8 20. Nhg5 f6 21. Bg6+ Nxg6
22. Nxe6 Nxf4 23. Nxf4 O-O 24. Qa2 fxe5 25. Qxd5+ Qxd5 26. Nxd5 Bd6 27. dxe5
Rfe8 28. Kf2 Bxe5 29. Rc5 Bc6 30. Rd1 Bb2 31. Rd3 Rac8 32. Nb6 Rcd8 33. Rxd8
Rxd8 34. Nc4 Bxf3 35. Nxb2 Bc6 36. Ke3 Re8+ 37. Kd2 1-0

[Event "17. European Team Championship 2009"]
[Site "Novi Sad SRB"]
[Date "2009.10.27"]
[Round "6.153"]
[White "Agopov, Mikael"]
[Black "Lenic, Luka"]
[Result "1/2-1/2"]
[WhiteElo "2452"]
[BlackElo "2575"]
[PlyCount "33"]
[EventDate "2009.10.22"]
[EventType "team"]
[EventRounds "9"]
[EventCountry "SER"]
[Source "lmi"]
[SourceDate "2009.10.22"]

1. d4 Nf6 2. Nf3 e6 3. c4 b6 4. g3 Ba6 5. Qc2 Bb4+ 6. Bd2 Be7 7. e4 d5 8. cxd5
Bxf1 9. Kxf1 exd5 10. e5 Ne4 11. Nc3 Nxc3 12. bxc3 Qd7 13. Kg2 Nc6 14. c4 O-O-O
15. Rac1 Kb7 16. Qb3 f6 17. Rhe1 1/2-1/2

[Event "17. European Team Championship 2009"]
[Site "Novi Sad SRB"]
[Date "2009.10.27"]
[Round "6.154"]
[White "Sebenik, Matej"]
[Black "Luukkonen, Tommi"]
[Result "1-0"]
[WhiteElo "2489"]
[BlackElo "2317"]
[PlyCount "146"]
[EventDate "2009.10.22"]
[EventType "team"]
[EventRounds "9"]
[EventCountry "SER"]
[Source "lmi"]
[SourceDate "2009.10.22"]

1. d4 Nf6 2. c4 g6 3. g3 Bg7 4. Bg2 d5 5. cxd5 Nxd5 6. Nf3 Nb6 7. Nc3 Nc6 8. e3
O-O 9. O-O Re8 10. Re1 e5 11. d5 Nb4 12. e4 c6 13. Bg5 f6 14. Be3 Nc4 15. Qb3
Nxe3 16. Rxe3 c5 17. a3 Na6 18. Rd1 Rb8 19. Bf1 Bd7 20. d6+ Kh8 21. Bb5 f5 22.
Qf7 Bxb5 23. Nxb5 Rf8 24. Qd5 fxe4 25. Nxe5 Qf6 26. Rxe4 Qxf2+ 27. Kh1 Rbd8 28.
d7 Bxe5 29. Qxe5+ Kg8 30. Qd5+ Qf7 31. Qxf7+ Rxf7 32. Re8+ Rf8 33. Re5 Rf7 34.
Red5 Nb8 35. Rxc5 Rdxd7 36. Rc8+ Kg7 37. Rxd7 Nxd7 38. Nxa7 Ne5 39. Rc2 g5 40.
Nb5 Nf3 41. h3 Kg6 42. Re2 h5 43. Kg2 g4 44. hxg4 hxg4 45. Re4 Kg5 46. Nd4 Nd2
47. Re5+ Kg6 48. Re2 Nc4 49. a4 Rd7 50. Ne6 Kf5 51. Nc5 Rc7 52. b4 b6 53. Rf2+
Ke5 54. Re2+ Kf5 55. Re4 Ne5 56. Rf4+ Kg6 57. Ne4 Rc4 58. Nf2 Rc2 59. Rd4 Kf5
60. Kf1 Ra2 61. Rf4+ Kg5 62. Ne4+ Kg6 63. Rf6+ Kg7 64. Rxb6 Rxa4 65. Nc5 Ra1+
66. Kf2 Ra2+ 67. Kf1 Ra1+ 68. Ke2 Ra2+ 69. Kd1 Ra3 70. Re6 Nd3 71. Na6 Nf2+ 72.
Ke1 Nd3+ 73. Kd2 Ne5 1-0

[Event "17. European Team Championship 2009"]
[Site "Novi Sad SRB"]
[Date "2009.10.27"]
[Round "6.161"]
[White "Jones, Richard S"]
[Black "Djukic, Nikola"]
[Result "1-0"]
[WhiteElo "2321"]
[BlackElo "2503"]
[PlyCount "91"]
[EventDate "2009.10.22"]
[EventType "team"]
[EventRounds "9"]
[EventCountry "SER"]
[Source "lmi"]
[SourceDate "2009.10.22"]

1. e4 c5 2. Nf3 Nc6 3. d4 cxd4 4. Nxd4 Qc7 5. Nc3 e6 6. Be3 a6 7. Qd2 Nf6 8.
O-O-O Bb4 9. f3 Ne5 10. Nb3 b5 11. Qf2 Be7 12. h3 d6 13. f4 Ng6 14. Bd3 Bb7 15.
a3 Rc8 16. g4 d5 17. e5 Bxa3 18. Bd4 Ne4 19. Bxe4 Bxb2+ 20. Kxb2 dxe4 21. Rh2
O-O 22. Qe3 f6 23. exf6 e5 24. fxe5 Nxe5 25. Qg5 Nc4+ 26. Kb1 Rf7 27. Re2 b4
28. Nd5 h6 29. Nxc7 hxg5 30. Ne6 gxf6 31. Nec5 Bc6 32. Nd2 Na3+ 33. Kb2 Rd8 34.
Ndxe4 Bb5 35. Ree1 Rc8 36. Nd6 Nc4+ 37. Nxc4 Bxc4 38. Ne4 Rc6 39. Ng3 Kh7 40.
Nf5 a5 41. h4 gxh4 42. Rh1 Rfc7 43. Rxh4+ Kg6 44. Rh6+ Kg5 45. Be3+ Kxg4 46.
Nd4 1-0

[Event "17. European Team Championship 2009"]
[Site "Novi Sad SRB"]
[Date "2009.10.27"]
[Round "6.162"]
[White "Drasko, Milan"]
[Black "Dineley, Richard"]
[Result "1-0"]
[WhiteElo "2527"]
[BlackElo "2270"]
[PlyCount "87"]
[EventDate "2009.10.22"]
[EventType "team"]
[EventRounds "9"]
[EventCountry "SER"]
[Source "lmi"]
[SourceDate "2009.10.22"]

1. Nf3 Nf6 2. g3 c5 3. Bg2 Nc6 4. O-O d5 5. c4 e6 6. cxd5 exd5 7. d4 Be7 8. Be3
c4 9. b3 cxb3 10. Qxb3 Na5 11. Qd3 O-O 12. Nc3 g6 13. Ne5 Bf5 14. Qb5 a6 15.
Qb2 b5 16. Bg5 Be6 17. e3 Rc8 18. Ne2 Nd7 19. Bxe7 Qxe7 20. Nd3 Nc4 21. Qb4 Qd8
22. Nef4 Nf6 23. Nc5 Qd6 24. Rfc1 Rb8 25. Ncd3 Rfd8 26. a4 bxa4 27. Qxa4 a5 28.
Nc5 Rb4 29. Qd1 Bf5 30. Qe1 Re8 31. Rxa5 Rb6 32. Raa1 Be4 33. Nxe4 Nxe4 34.
Bxe4 Rxe4 35. Rcb1 Re8 36. Rxb6 Nxb6 37. h4 h5 38. Ra6 Ra8 39. Qa5 Rxa6 40.
Qxa6 Qd8 41. Qa5 Qd6 42. Qc5 Qd8 43. Qc6 Kg7 44. Qxg6+ 1-0

[Event "17. European Team Championship 2009"]
[Site "Novi Sad SRB"]
[Date "2009.10.27"]
[Round "6.163"]
[White "Kett, Tim"]
[Black "Kosic, Dragan"]
[Result "1/2-1/2"]
[WhiteElo "2238"]
[BlackElo "2495"]
[PlyCount "112"]
[EventDate "2009.10.22"]
[EventType "team"]
[EventRounds "9"]
[EventCountry "SER"]
[Source "lmi"]
[SourceDate "2009.10.22"]

1. e4 e6 2. d4 d5 3. Nc3 Nf6 4. Bg5 dxe4 5. Nxe4 Nbd7 6. Nf3 h6 7. Bxf6 Nxf6 8.
Nxf6+ Qxf6 9. Bd3 Bd6 10. Qe2 Bd7 11. Ne5 O-O-O 12. O-O Bxe5 13. dxe5 Qf4 14.
Rfe1 Bc6 15. Qe3 Rd4 16. Qxf4 Rxf4 17. Re3 Rg4 18. Rg3 Rxg3 19. hxg3 Rd8 20. f3
Rd5 21. Re1 Bb5 22. Bxb5 Rxb5 23. b3 Rd5 24. Re2 b5 25. Kf2 Kd7 26. f4 b4 27.
Ke3 Rd1 28. g4 c5 29. c4 bxc3 30. Rc2 Rd2 31. Rxc3 Rxg2 32. Rxc5 Rxa2 33. Rb5
Rc2 34. Rb7+ Rc7 35. Rb8 Kc6 36. Rg8 g6 37. Kd4 Kb6 38. Rh8 Kb5 39. Rxh6 Kb4
40. Rh3 a5 41. Ke4 Ka3 42. f5 gxf5+ 43. gxf5 Rb7 44. Kf4 Rb4+ 45. Kg5 exf5 46.
Kf6 Rxb3 47. Rh7 f4 48. Rxf7 f3 49. e6 Re3 50. Ke7 Kb2 51. Kd7 a4 52. e7 a3 53.
Rxf3 Rxe7+ 54. Kxe7 a2 55. Rf2+ Kb1 56. Rxa2 Kxa2 1/2-1/2

[Event "17. European Team Championship 2009"]
[Site "Novi Sad SRB"]
[Date "2009.10.27"]
[Round "6.171"]
[White "Dizdarevic, Emir"]
[Black "Berend, Fred"]
[Result "1-0"]
[WhiteElo "2483"]
[BlackElo "2371"]
[PlyCount "164"]
[EventDate "2009.10.22"]
[EventType "team"]
[EventRounds "9"]
[EventCountry "SER"]
[Source "lmi"]
[SourceDate "2009.10.22"]

1. Nf3 d5 2. e3 Nf6 3. c4 c6 4. Nc3 a6 5. d4 e6 6. Qc2 c5 7. cxd5 exd5 8. Be2
Nc6 9. O-O Bg4 10. Ne5 Bxe2 11. Nxc6 Qc7 12. Nxe2 Qxc6 13. dxc5 Bxc5 14. b3 O-O
15. Bb2 Rac8 16. Qf5 Qe6 17. Qd3 Be7 18. Rad1 Qe4 19. Nc3 Qxd3 20. Rxd3 Bb4 21.
Rfd1 Bxc3 22. Bxc3 Ne4 23. Bb4 Rfd8 24. f3 Nf6 25. R1d2 Rd7 26. Kf2 h5 27. e4
Rcd8 28. e5 Ne8 29. Ba5 Rc8 30. Rxd5 Rxd5 31. Rxd5 Rc2+ 32. Rd2 Rc5 33. Bb6
Rxe5 34. Rd7 Rb5 35. Rxb7 Kh7 36. Re7 Nd6 37. Bc7 Nf5 38. Rxf7 Rc5 39. g4 Rc2+
40. Kg1 Nh6 41. Rd7 hxg4 42. Be5 Kg6 43. fxg4 Nxg4 44. Rxg7+ Kf5 45. Bg3 Rxa2
46. h4 Nf6 47. Rg5+ Ke6 48. Re5+ Kf7 49. Be1 Kg6 50. Kf1 Rb2 51. b4 Ra2 52. Bc3
Rc2 53. Rg5+ Kf7 54. Be1 Ke6 55. Ra5 Rc6 56. Ke2 Nd5 57. Kd3 Nf4+ 58. Kd4 Kd7
59. Rf5 Rd6+ 60. Kc4 Rc6+ 61. Kb3 Ne6 62. Bc3 Nc7 63. Be5 Rh6 64. h5 Ne6 65.
Bc3 Nc7 66. Bd2 Rd6 67. Kc2 Nb5 68. Be3 Nd4+ 69. Bxd4 Rxd4 70. Kb3 Kc7 71. Ka4
Rd1 72. Rf7+ Kb6 73. Rf6+ Kb7 74. h6 Rh1 75. Kb3 Rh3+ 76. Kc4 Rh5 77. Kd4 Rb5
78. Ke4 Rxb4+ 79. Kf5 Rd4 80. Kg6 a5 81. h7 a4 82. Kg7 a3 1-0

[Event "17. European Team Championship 2009"]
[Site "Novi Sad SRB"]
[Date "2009.10.27"]
[Round "6.172"]
[White "Linster, Philippe"]
[Black "Stojanovic, Dalibor"]
[Result "0-1"]
[WhiteElo "2230"]
[BlackElo "2469"]
[PlyCount "146"]
[EventDate "2009.10.22"]
[EventType "team"]
[EventRounds "9"]
[EventCountry "SER"]
[Source "lmi"]
[SourceDate "2009.10.22"]

1. d4 Nf6 2. c4 g6 3. Nc3 Bg7 4. e4 d6 5. Nf3 O-O 6. Be2 Bg4 7. Be3 Nfd7 8. d5
c5 9. Qd2 Na6 10. O-O Re8 11. Rab1 Nc7 12. Rfd1 Rb8 13. a3 Bxf3 14. Bxf3 a6 15.
b4 b5 16. Be2 bxc4 17. Bxc4 cxb4 18. axb4 Rb7 19. Bd4 Bxd4 20. Qxd4 Qb8 21. Bf1
Rc8 22. h4 h5 23. Rdc1 Ne5 24. f4 Ng4 25. Be2 e5 26. fxe5 dxe5 27. Qd2 Qa7+ 28.
Kh1 Qf2 29. Qe1 Qf4 30. Bxg4 Qxg4 31. Na4 Nb5 32. Rxc8+ Qxc8 33. Nc5 Rb6 34.
Qg3 Qd8 35. Qg5 Qxg5 36. hxg5 Nd6 37. Nd7 Rb5 38. Nf6+ Kg7 39. Ra1 Rxb4 40.
Rxa6 Nxe4 41. Nxe4 Rxe4 42. d6 Rd4 43. Kg1 Rd2 44. Kh2 e4 45. Kg3 e3 46. Kf3 e2
47. Kf2 Rd5 48. Kxe2 Rxg5 49. Kf3 Rf5+ 50. Ke4 Kf6 51. d7+ Ke7 52. Rd6 Kd8 53.
Rd2 Rf6 54. Ke5 Re6+ 55. Kf4 Re7 56. Kg5 Rxd7 57. Re2 Re7 58. Ra2 Re5+ 59. Kf4
Rf5+ 60. Kg3 Ke7 61. Ra6 Kf8 62. Rb6 Kg7 63. Ra6 Rc5 64. Ra3 g5 65. Rb3 Kg6 66.
Ra3 h4+ 67. Kh3 Kh5 68. Ra8 Rc3+ 69. Kh2 f5 70. Rb8 g4 71. Ra8 Rc1 72. Rh8+ Kg5
73. Rg8+ Kf4 0-1

[Event "17. European Team Championship 2009"]
[Site "Novi Sad SRB"]
[Date "2009.10.27"]
[Round "6.173"]
[White "Bogut, Zeljko"]
[Black "Serban, Vlad"]
[Result "1-0"]
[WhiteElo "2442"]
[BlackElo "2206"]
[PlyCount "49"]
[EventDate "2009.10.22"]
[EventType "team"]
[EventRounds "9"]
[EventCountry "SER"]
[Source "lmi"]
[SourceDate "2009.10.22"]

1. e4 c5 2. Nf3 e6 3. d4 cxd4 4. Nxd4 Nf6 5. Nc3 d6 6. Be2 Be7 7. O-O O-O 8. f4
a6 9. Kh1 Nc6 10. Be3 Bd7 11. Qe1 b5 12. a3 Qb8 13. Bf3 Nxd4 14. Bxd4 e5 15.
Be3 Bc6 16. Rd1 a5 17. fxe5 dxe5 18. Nd5 Bxd5 19. exd5 e4 20. Bxe4 Qe5 21. Bd3
Bd6 22. Qh4 h6 23. Bf4 Qe7 24. Bxh6 gxh6 25. Rxf6 1-0

[Event "17. European Team Championship 2009"]
[Site "Novi Sad SRB"]
[Date "2009.10.27"]
[Round "6.174"]
[White "Mossong, Hubert"]
[Black "Galic, Ivan"]
[Result "0-1"]
[WhiteElo "2179"]
[BlackElo "2378"]
[PlyCount "40"]
[EventDate "2009.10.22"]
[EventType "team"]
[EventRounds "9"]
[EventCountry "SER"]
[Source "lmi"]
[SourceDate "2009.10.22"]

1. e4 e5 2. Nf3 d6 3. Bc4 Be7 4. d4 exd4 5. Nxd4 Nf6 6. Nc3 O-O 7. O-O c6 8. a4
Re8 9. f3 d5 10. exd5 cxd5 11. Bb5 Nc6 12. Kh1 Bd7 13. Nb3 a6 14. Bxc6 bxc6 15.
Be3 Bd6 16. Bd4 Nh5 17. Bf2 Re6 18. Ne2 Rh6 19. f4 Bg4 20. g3 Qe7 0-1

[Event "17. European Team Championship 2009"]
[Site "Novi Sad SRB"]
[Date "2009.10.27"]
[Round "6.182"]
[White "Nedev, Trajko"]
[Black "Arngrimsson, Dagur"]
[Result "1-0"]
[WhiteElo "2511"]
[BlackElo "2396"]
[PlyCount "59"]
[EventDate "2009.10.22"]
[EventType "team"]
[EventRounds "9"]
[EventCountry "SER"]
[Source "lmi"]
[SourceDate "2009.10.22"]

1. e4 e5 2. Nf3 Nc6 3. d4 exd4 4. Nxd4 Bc5 5. Be3 Qf6 6. c3 Nge7 7. Bc4 Ne5 8.
Be2 Qg6 9. O-O d6 10. f3 O-O 11. Kh1 Bb6 12. a4 a5 13. Nd2 d5 14. Bf4 Qf6 15.
Bg3 N5g6 16. exd5 Bxd4 17. Ne4 Qb6 18. Bxc7 Qxc7 19. d6 Qb6 20. dxe7 Nxe7 21.
Qxd4 Qxb2 22. Bc4 Nf5 23. Qc5 b6 24. Qg1 Be6 25. Ra2 Qxa2 26. Bxa2 Bxa2 27.
Qxb6 Rfd8 28. Re1 Ne7 29. c4 Ng6 30. Nd6 1-0

[Event "17. European Team Championship 2009"]
[Site "Novi Sad SRB"]
[Date "2009.10.27"]
[Round "6.183"]
[White "Thorfinnsson, Bjorn"]
[Black "Stanojoski, Zvonko"]
[Result "1-0"]
[WhiteElo "2395"]
[BlackElo "2492"]
[PlyCount "67"]
[EventDate "2009.10.22"]
[EventType "team"]
[EventRounds "9"]
[EventCountry "SER"]
[Source "lmi"]
[SourceDate "2009.10.22"]

1. d4 Nf6 2. c4 c5 3. d5 b5 4. cxb5 a6 5. bxa6 Bxa6 6. Nc3 d6 7. g3 g6 8. Bg2
Bg7 9. Nf3 Nbd7 10. Rb1 O-O 11. O-O Ne8 12. Qc2 Nc7 13. Rd1 Ra7 14. b3 Bxc3 15.
Qxc3 Bxe2 16. Bh6 Nf6 17. Rd2 Nb5 18. Qa1 Bxf3 19. Bxf3 Re8 20. g4 Qa5 21. b4
Qa3 22. Be3 Nd4 23. Bd1 Ne4 24. Rxd4 cxd4 25. Qxd4 Nc5 26. bxc5 dxc5 27. Qe5
Qa6 28. Bxc5 f6 29. Qd4 Raa8 30. Bb3 Kg7 31. Re1 Qa5 32. Re6 Ra6 33. d6 Rc6 34.
d7 1-0

[Event "17. European Team Championship 2009"]
[Site "Novi Sad SRB"]
[Date "2009.10.27"]
[Round "6.184"]
[White "Pancevski, Filip"]
[Black "Thorfinnsson, Bragi"]
[Result "1-0"]
[WhiteElo "2432"]
[BlackElo "2360"]
[PlyCount "77"]
[EventDate "2009.10.22"]
[EventType "team"]
[EventRounds "9"]
[EventCountry "SER"]
[Source "lmi"]
[SourceDate "2009.10.22"]

1. e4 c5 2. d3 Nc6 3. g3 g6 4. Bg2 Bg7 5. f4 d6 6. Nf3 e5 7. O-O Nge7 8. Nbd2
O-O 9. c3 Rb8 10. Nh4 exf4 11. gxf4 f5 12. Ndf3 Kh8 13. Ng5 h6 14. Ngf3 Kh7 15.
Qe1 Qe8 16. Qg3 Qf7 17. Bd2 c4 18. exf5 Nxf5 19. Nxf5 Bxf5 20. dxc4 Qxc4 21.
Nh4 Rbe8 22. Nxf5 gxf5 23. Kh1 d5 24. Bf3 Rg8 25. Qh3 Ref8 26. Rad1 d4 27. b3
Qc5 28. c4 Bh8 29. Bd5 Rg4 30. Rde1 Rf6 31. Qh5 Qf8 32. Re8 Qg7 33. Bg8+ Qxg8
34. Rxg8 Rxg8 35. Rd1 Bg7 36. Be1 Rd6 37. Bh4 Rf8 38. b4 d3 39. b5 1-0

[Event "17. European Team Championship 2009"]
[Site "Novi Sad SRB"]
[Date "2009.10.28"]
[Round "7.12"]
[White "Akopian, Vladimir"]
[Black "Gashimov, Vugar"]
[Result "1/2-1/2"]
[WhiteElo "2698"]
[BlackElo "2740"]
[PlyCount "92"]
[EventDate "2009.10.22"]
[EventType "team"]
[EventRounds "9"]
[EventCountry "SER"]
[Source "lmi"]
[SourceDate "2009.10.22"]

1. e4 e5 2. Nf3 Nf6 3. Nxe5 d6 4. Nf3 Nxe4 5. d4 d5 6. Bd3 Nc6 7. O-O Be7 8. c4
Nb4 9. Be2 O-O 10. a3 Nc6 11. cxd5 Qxd5 12. Nc3 Nxc3 13. bxc3 Bf5 14. Re1 Rfe8
15. Bf4 Rac8 16. h3 h6 17. Qc1 Bf6 18. Qb2 Be4 19. Rad1 Na5 20. Ne5 Bf5 21. Ng4
Qb3 22. Nxf6+ gxf6 23. Qxb3 Nxb3 24. Bg4 Rxe1+ 25. Rxe1 Bxg4 26. hxg4 c5 27. d5
Rd8 28. c4 b5 29. cxb5 Rxd5 30. Re7 Rd1+ 31. Kh2 Nd4 32. a4 Ra1 33. Rxa7 Nxb5
34. Ra8+ Kg7 35. axb5 Rxa8 36. b6 Ra4 37. b7 Rxf4 38. b8=Q Rxf2 39. Qb5 Rf4 40.
Kg3 Re4 41. g5 hxg5 42. Qxc5 Re5 43. Qd6 Re6 44. Qd3 Re5 45. Kg4 Re6 46. g3 Re5
1/2-1/2

[Event "17. European Team Championship 2009"]
[Site "Novi Sad SRB"]
[Date "2009.10.28"]
[Round "7.13"]
[White "Guseinov, Gadir"]
[Black "Sargissian, Gabriel"]
[Result "0-1"]
[WhiteElo "2667"]
[BlackElo "2678"]
[PlyCount "140"]
[EventDate "2009.10.22"]
[EventType "team"]
[EventRounds "9"]
[EventCountry "SER"]
[Source "lmi"]
[SourceDate "2009.10.22"]

1. e4 e5 2. Nf3 Nc6 3. Bb5 Nf6 4. O-O Nxe4 5. d4 Nd6 6. Bxc6 dxc6 7. dxe5 Nf5
8. Qxd8+ Kxd8 9. Nc3 Ke8 10. Ne2 Ne7 11. Re1 Bg4 12. Ned4 Rd8 13. h3 Bh5 14. g4
Bg6 15. Bf4 Nd5 16. Bg3 Bc5 17. Rad1 Bb6 18. Bh4 Ne7 19. Nf5 Bxf5 20. Rxd8+
Kxd8 21. gxf5 Rg8 22. Kf1 Ke8 23. Rd1 h6 24. Bxe7 Kxe7 25. Ke2 g5 26. Rg1 f6
27. Rd1 fxe5 28. Nxe5 h5 29. Rd7+ Kf6 30. Nc4 Rg7 31. Rd8 Re7+ 32. Kf1 Kxf5 33.
Rb8 Bc5 34. Rf8+ Kg6 35. Rg8+ Kf6 36. Na5 b6 37. Nxc6 Re4 38. Rd8 a5 39. Rd2
Rh4 40. Kg2 g4 41. hxg4 Rxg4+ 42. Kh3 Rf4 43. Kg2 Rg4+ 44. Kh3 Rg1 45. a4 Rg4
46. b3 Re4 47. Kg2 Re6 48. Na7 Rd6 49. Rxd6+ Bxd6 50. Nb5 Be5 51. Na3 Kf5 52.
Kf3 h4 53. Nb1 h3 54. Nd2 Bf4 55. Nb1 Be5 56. Nd2 Bd6 57. Ne4 Bf4 58. Nc3 c6
59. Ne2 Be5 60. Nc1 b5 61. Ne2 Ke6 62. Ng3 Kd5 63. Nf5 Kc5 64. Ne7 Bc7 65. Nf5
bxa4 66. bxa4 Kc4 67. Ne7 c5 68. c3 Kb3 69. Nd5 Bb8 70. Nb6 Kxc3 0-1

[Event "17. European Team Championship 2009"]
[Site "Novi Sad SRB"]
[Date "2009.10.28"]
[Round "7.33"]
[White "Hracek, Zbynek"]
[Black "Efimenko, Zahar"]
[Result "1/2-1/2"]
[WhiteElo "2606"]
[BlackElo "2654"]
[PlyCount "92"]
[EventDate "2009.10.22"]
[EventType "team"]
[EventRounds "9"]
[EventCountry "SER"]
[Source "lmi"]
[SourceDate "2009.10.22"]

1. e4 c5 2. Nf3 d6 3. d4 cxd4 4. Nxd4 Nf6 5. Nc3 a6 6. Be2 e5 7. Nb3 Be7 8. Bg5
Be6 9. Bxf6 Bxf6 10. Qd3 O-O 11. Rd1 Nc6 12. Nd5 Rc8 13. c3 Bg5 14. O-O Ne7 15.
Ne3 Rc6 16. Nd2 Qb6 17. Ndc4 Qc7 18. a3 g6 19. Nd2 b5 20. g3 Bxe3 21. Qxe3 d5
22. exd5 Nxd5 23. Qh6 f5 24. Nf3 Nf6 25. Qe3 Bb3 26. Rde1 Re8 27. Qc1 Bd5 28.
Qg5 Rd6 29. Rd1 Bb7 30. Rxd6 Qxd6 31. Rd1 Qc6 32. Qd2 Nd5 33. Qg5 Nf6 34. Qd2
Re6 35. Qd8+ Kg7 36. Kf1 f4 37. Ke1 h6 38. gxf4 Re8 39. Qd6 exf4 40. Qxc6 Bxc6
41. Kf1 Ne4 42. Nd4 Bd7 43. f3 Bh3+ 44. Ke1 Nc5 45. Kf2 Kf6 46. Nc6 Na4 1/2-1/2

[Event "17. European Team Championship 2009"]
[Site "Novi Sad SRB"]
[Date "2009.10.28"]
[Round "7.42"]
[White "Roiz, Michael"]
[Black "Balogh, Csaba"]
[Result "1/2-1/2"]
[WhiteElo "2658"]
[BlackElo "2620"]
[PlyCount "36"]
[EventDate "2009.10.22"]
[EventType "team"]
[EventRounds "9"]
[EventCountry "SER"]
[Source "lmi"]
[SourceDate "2009.10.22"]

1. c4 Nf6 2. Nc3 e5 3. Nf3 Nc6 4. g3 Bb4 5. Bg2 O-O 6. O-O d6 7. d3 h6 8. Bd2
a5 9. Ne1 Re8 10. Nc2 Bc5 11. Rb1 Nd4 12. a3 Nb3 13. Be1 c6 14. Ne3 Nd4 15. b4
axb4 16. axb4 Bb6 17. b5 Bd7 18. Nc2 Qc7 1/2-1/2

[Event "17. European Team Championship 2009"]
[Site "Novi Sad SRB"]
[Date "2009.10.28"]
[Round "7.43"]
[White "Gyimesi, Zoltan"]
[Black "Mikhalevski, Victor"]
[Result "1/2-1/2"]
[WhiteElo "2594"]
[BlackElo "2625"]
[PlyCount "70"]
[EventDate "2009.10.22"]
[EventType "team"]
[EventRounds "9"]
[EventCountry "SER"]
[Source "lmi"]
[SourceDate "2009.10.22"]

1. d4 Nf6 2. c4 g6 3. Nc3 d5 4. Nf3 Bg7 5. Qb3 dxc4 6. Qxc4 O-O 7. e4 a6 8. Qa4
Nc6 9. Be2 Bg4 10. Be3 b5 11. Qd1 Bxf3 12. gxf3 e5 13. dxe5 Nxe5 14. f4 Nc4 15.
e5 Nd7 16. Bxc4 bxc4 17. h4 Nb6 18. h5 Qc8 19. hxg6 hxg6 20. Qf3 Qf5 21. Bxb6
cxb6 22. Nd5 Rae8 23. O-O-O Bxe5 24. Qg3 Bg7 25. Qh4 f6 26. Ne3 Rxe3 27. fxe3
c3 28. bxc3 Rc8 29. Kb2 Qb5+ 30. Ka1 Qc4 31. f5 Qxc3+ 32. Kb1 Qc2+ 33. Ka1 Qc3+
34. Kb1 Qc2+ 35. Ka1 Qc3+ 1/2-1/2